书目信息 |
| 题名: |
高固体分涂料
|
|
| 作者: | 李桂林 编著 | |
| 分册: | ||
| 出版信息: | 北京 化学工业出版社 2005.01 |
|
| 页数: | 787页 | |
| 开本: | 20cm | |
| 丛书名: | 环保涂料丛书 | |
| 单 册: | ||
| 中图分类: | TQ63 | |
| 科图分类: | ||
| 主题词: | 涂料--Tu Liao | |
| 电子资源: | ||
| ISBN: | 7-5025-6145-5 | |
| 000 | 00774nam 2200277 450 | |
| 001 | CAL 012005021951 | |
| 005 | 20050614101059.74 | |
| 010 | @a7-5025-6145-5@dCNY 50.00 | |
| 099 | @aCAL 012005021951 | |
| 100 | @a20050315d2005 ekmy0chiy0121 ea | |
| 101 | 0 | @achi |
| 102 | @aCN@b110000 | |
| 105 | @aak a 000yy | |
| 200 | 1 | @a高固体分涂料@AGao Gu Ti Fen Tu Liao@f李桂林编著 |
| 210 | @a北京@c化学工业出版社@d2005.01 | |
| 215 | @a787页@c图@d20cm | |
| 225 | 2 | @a环保涂料丛书@AHuan Bao Tu Liao Cong Shu |
| 320 | @a有书目 (第786-787页) | |
| 410 | 0 | @12001 @a环保涂料丛书 |
| 606 | 0 | @a涂料@ATu Liao |
| 690 | @aTQ63@v4 | |
| 701 | 0 | @a李桂林@ALi Gui Lin@4编著 |
| 801 | 0 | @aCN@bNMU@c20050614 |
| 905 | @a10447@dTQ63@eL160 | |
| 906 | @dCNY50.00@n0@r1 | |
| 998 | @aNMU | |
| 高固体分涂料/李桂林编著.-北京:化学工业出版社,2005.01 |
| 787页:图;20cm.-(环保涂料丛书) |
| ISBN 7-5025-6145-5:CNY 50.00 |
| ● |
| 相关链接 |
|
|
|
正题名:高固体分涂料
索取号:TQ63/L160
 
预约/预借
| 序号 | 登录号 | 条形码 | 馆藏地/架位号 | 状态 | 备注 |
| 1 | 532977 | 205329777 | 自科库501/501自科库 40排3列3层/ [索取号:TQ63/L160] | 在馆 | |
| 2 | 532978 | 205329786 | 期刊室512/501自科库 40排3列3层/ [索取号:TQ63/L160] | 在馆 | |
| 3 | 532979 | 205329795 | 期刊室512/501自科库 40排3列3层/ [索取号:TQ63/L160] | 在馆 | |
| 4 | 532980 | 205329802 | 自科库501/501自科库 40排3列3层/ [索取号:TQ63/L160] | 在馆 |